Mots de la langue française terminés par "maire" - Statistiques

Statistiques générales
  • Ce quiz a été pris 166 fois
  • Le résultat moyen est 5 sur 11
Statistiques - réponses
Indice Mot % Correct
relatif aux seins mammaire
92%
magistrat maire
90%
qui est du premier degré primaire
76%
23 octobre au 21 novembre brumaire
67%
succint sommaire
60%
relatif à la paume de la main palmaire
56%
règles grammaire
48%
21 novembre au 20 décembre frimaire
28%
temporaire intérimaire
21%
reine-des-prés ulmaire
7%
sacrificateur de la Rome antique victimaire
1%
Aucun quiz correspondant
Distribution des résultats
% des personnes avec chaque résultat
Percentile par nombre de réponses
Votre historique - résultats
Vous n’avez pas pris ce quiz